LIBRARY & INFORMATION CENTRE, KCAET, TAVANUR

ONLINE PUBLIC ACCESS CATALOGUE (OPAC)

Mathangal Noottandukaliloode / (Record no. 1003)

MARC details
000 -LEADER
fixed length control field 00398cam a2200169ua 4500
041 ## - LANGUAGE CODE
Language code of text/sound track or separate title mal
082 ## - DEWEY DECIMAL CLASSIFICATION NUMBER
Classification number 200.1
Item number JOY/MA
100 ## - MAIN ENTRY--AUTHOR NAME
Personal name Joy, V.A .
245 ## - TITLE STATEMENT
Title Mathangal Noottandukaliloode /
260 ## - PUBLICATION, DISTRIBUTION, ETC. (IMPRINT)
Place of publication Thrissur :
Name of publisher Current Books ,
Year of publication 1959.
300 ## - PHYSICAL DESCRIPTION
Number of Pages 245 ; .
942 ## - ADDED ENTRY ELEMENTS (KOHA)
Koha item type Books
Holdings
Withdrawn status Lost status Damaged status Home library Current library Date acquired Full call number Accession Number Koha item type
Withdrawn     KAUAET Sanskrit University 07/04/2012 200.1 1664 Books
free website counter